[Event "WLS-ch 65th"]
[Site "Cardiff"]
[Date "2019.04.19"]
[Round "1"]
[White "Kett, Timothy"]
[Black "Yeo, Gareth"]
[Result "1-0"]
[WhiteElo "2197"]
[BlackElo "1963"]
[PlyCount "47"]
[EventDate "2019.04.19"]
[EventType "swiss"]
[EventRounds "7"]
[EventCountry "WLS"]
[SourceTitle "CBM 189 Extra"]
[Source "ChessBase"]
[SourceDate "2019.06.03"]
[SourceVersion "1"]
[SourceVersionDate "2019.06.03"]
[SourceQuality "1"]

1. e4 c5 2. Nc3 Nc6 3. g3 Rb8 4. Bg2 b5 5. d3 e6 6. a3 g6 7. Be3 Nd4 8. b4 Bg7 9. bxc5 Nf3+ 10. Nxf3 Bxc3+ 11. Bd2 Bxa1 12. Qxa1 f6 13. 0-0 Bb7 14. Nh4 Kf7 15. f4 Ne7 16. Bc3 Nc6 17. d4 Re8 18. f5 gxf5 19. d5 Na5 20. Nxf5 exf5 21. Rxf5 Re7 22. Bxa5 Qxa5 23. Qxf6+ Kg8 24. Rg5+ 1-0